000 00238nam a2200097Ia 4500
005 20251222114355.0
008 251222s1900||||xx |||||||||||||| ||spa||
082 _aDVD0040/H31/2005
245 0 _aHarry Potter y el caliz de fuego:
942 _cDVD
999 _c1383
_d1383